[Event "BPB Limburg-open C"]
[Site "Maastricht"]
[Date "2015.05.24"]
[Round "5"]
[White "Oord, Jan"]
[Black "Mollema, Henk"]
[Result "0-1"]
[WhiteElo "1423"]
[BlackElo "1558"]
[PlyCount "57"]
[EventDate "2015.05.22"]
[EventType "swiss"]
[EventRounds "7"]
[EventCountry "NED"]
[Source "P.Boonen"]
[SourceDate "2015.01.01"]

1. d4 f5 2. c4 g6 3. Nc3 Nf6 4. g3 Bg7 5. Bg2 O-O 6. Nf3 d6 7. e3 Qe8 8. Qb3
Kh8 9. Ng5 c6 10. d5 Na6 11. dxc6 Nc5 12. Qc2 h6 13. cxb7 Nxb7 14. Nh3 e5 15.
Nb5 Qe7 16. b3 a6 17. Nc3 Rb8 18. Ba3 Rd8 19. Rd1 g5 20. Nd5 Nxd5 21. Bxd5 f4
22. Ng1 fxe3 23. fxe3 Rf8 24. Qe2 e4 25. Bb2 Nc5 26. Bxg7+ Qxg7 27. Rd4 Nd3+
28. Rxd3 exd3 29. Qxd3 0-1

[Event "BPB Limburg-open C"]
[Site "Maastricht"]
[Date "2015.05.24"]
[Round "5"]
[White "Overmeer, Henk"]
[Black "Snyers, Antoine"]
[Result "0-1"]
[WhiteElo "1644"]
[BlackElo "1556"]
[PlyCount "78"]
[EventDate "2015.05.22"]
[EventType "swiss"]
[EventRounds "7"]
[EventCountry "NED"]
[Source "P.Boonen"]
[SourceDate "2015.01.01"]

1. d4 Nf6 2. Nf3 g6 3. g3 Bg7 4. c4 O-O 5. Bg2 d6 6. O-O c5 7. Nc3 a6 8. e4
cxd4 9. Nxd4 Nc6 10. Nxc6 bxc6 11. h3 Bd7 12. Qe2 Qc8 13. Kh2 Ne8 14. Be3 c5
15. Nd5 Qd8 16. e5 Rc8 17. exd6 Nxd6 18. Rad1 e6 19. Nf6+ Bxf6 20. Rxd6 Be5 21.
Rxa6 Rc7 22. Rd1 Qe7 23. f4 Bg7 24. b3 Rfc8 25. Ra8 Rxa8 26. Bxa8 e5 27. fxe5
Qxe5 28. Qf2 Qh5 29. Bf3 Qxh3+ 30. Kg1 Be5 31. Bf4 Bxf4 32. gxf4 Bg4 33. Rd8+
Kg7 34. Bg2 Qc3 35. Qd2 Qa1+ 36. Kh2 Re7 37. Qd6 Qe1 38. Qxc5 Qh4+ 39. Kg1 Re1+
0-1

[Event "BPB Limburg-open C"]
[Site "Maastricht"]
[Date "2015.05.24"]
[Round "5"]
[White "Overtoom, Reinier"]
[Black "Rutten, Alexander"]
[Result "1-0"]
[WhiteElo "1739"]
[BlackElo "966"]
[PlyCount "113"]
[EventDate "2015.05.22"]
[EventType "swiss"]
[EventRounds "7"]
[EventCountry "NED"]
[Source "P.Boonen"]
[SourceDate "2015.01.01"]

1. e4 c5 2. Nf3 d6 3. d4 cxd4 4. Nxd4 Nf6 5. Nc3 a6 6. Bg5 Nbd7 7. f4 b5 8. Qf3
Bb7 9. Bd3 e6 10. O-O-O Be7 11. Rhe1 Nc5 12. Nb3 Nxd3+ 13. Rxd3 b4 14. Nd1 Nxe4
15. Rxe4 Bxe4 16. Qxe4 Bxg5 17. Qc6+ Ke7 18. fxg5 Qd7 19. Qe4 a5 20. Ne3 Ra7
21. Nf5+ Kf8 22. Nxd6 Qe7 23. h4 Rd7 24. Nc8 Qd8 25. Rxd7 Qxd7 26. Nb6 Qa7 27.
Qd4 Qc7 28. Nxa5 Qe7 29. Nc6 Qc7 30. Qxb4+ Ke8 31. Qb5 Kf8 32. Ne5 Ke7 33. Qb4+
Ke8 34. Nbc4 Rf8 35. Nd6+ Kd8 36. Nexf7+ Rxf7 37. Nxf7+ Qxf7 38. Qb8+ Ke7 39.
Qc7+ Kf8 40. Qxf7+ Kxf7 41. Kd2 Ke7 42. Ke3 Kd6 43. a4 Kc5 44. a5 Kb5 45. b4 e5
46. Ke4 g6 47. Kxe5 Ka6 48. c4 Kb7 49. b5 Ka7 50. Kd6 Ka8 51. Kc6 Ka7 52. a6 h6
53. gxh6 g5 54. h7 g4 55. h8=Q g3 56. Qh7+ Kb8 57. Qb7# 1-0

[Event "BPB Limburg-open C"]
[Site "Maastricht"]
[Date "2015.05.24"]
[Round "5"]
[White "Oxener, Aldo"]
[Black "Van Ginneken, Maikel"]
[Result "0-1"]
[WhiteElo "1533"]
[BlackElo "1499"]
[PlyCount "64"]
[EventDate "2015.05.22"]
[EventType "swiss"]
[EventRounds "7"]
[EventCountry "NED"]
[Source "P.Boonen"]
[SourceDate "2015.01.01"]

1. e4 e5 2. Nf3 Nf6 3. Nxe5 d6 4. Nf3 Nxe4 5. d3 Nf6 6. Nc3 Be7 7. b3 b6 8. Bb2
d5 9. Be2 d4 10. Nb5 c5 11. Ne5 Bb7 12. O-O a6 13. Na3 Nbd7 14. Nac4 O-O 15. c3
b5 16. Nxd7 Nxd7 17. Nd2 dxc3 18. Bxc3 Bf6 19. Rc1 Ne5 20. Bxe5 Bxe5 21. Rxc5
Bxh2+ 22. Kh1 Qd6 23. Rh5 Bf4 24. Ne4 Qg6 25. Bf3 Rac8 26. Qb1 f5 27. Rh3 fxe4
28. dxe4 Rfe8 29. Re1 Bxe4 30. Bxe4 Rxe4 31. Rd1 Rd4 32. g3 Rxd1+ 0-1

[Event "BPB Limburg-open C"]
[Site "Maastricht"]
[Date "2015.05.24"]
[Round "5"]
[White "Proesmans, Karel"]
[Black "Allaart, Jesse"]
[Result "1-0"]
[WhiteElo "1625"]
[BlackElo "1230"]
[PlyCount "137"]
[EventDate "2015.05.22"]
[EventType "swiss"]
[EventRounds "7"]
[EventCountry "NED"]
[Source "P.Boonen"]
[SourceDate "2015.01.01"]

1. Nc3 e5 2. Nf3 d6 3. d4 Nc6 4. e4 Nf6 5. Bg5 Bg4 6. Ne2 Be7 7. Qd3 Nb4 8.
Qb5+ Nc6 9. d5 a6 10. Qxb7 Na5 11. Qb4 c6 12. dxc6 Nxc6 13. Qa4 Bd7 14. Qa3 d5
15. Bxf6 gxf6 16. Qe3 d4 17. Qd2 Nb4 18. a3 Qa5 19. Rc1 Nc6 20. c3 dxc3 21.
Nxc3 Bg4 22. Nd5 Qxd2+ 23. Nxd2 Kd7 24. Nb6+ Kc7 25. Nxa8+ Rxa8 26. Bc4 Rb8 27.
Bd5 Bd7 28. Nc4 Kd8 29. O-O Nd4 30. Rfe1 Bb5 31. Na5 Ke8 32. Bc6+ Bxc6 33. Nxc6
Rxb2 34. Nxd4 exd4 35. Red1 Bxa3 36. Rxd4 Bc5 37. Rdc4 Bxf2+ 38. Kf1 Bb6 39.
R4c2 Rb4 40. Rc8+ Kd7 41. Rb8 f5 42. exf5 Rf4+ 43. Ke2 Rf2+ 44. Ke1 Be3 45. Rb3
Bxc1 46. Kxf2 a5 47. Rb1 Bf4 48. h3 a4 49. Ra1 Kd6 50. Rxa4 Ke5 51. Kf3 Bg5 52.
Ra5+ Kf6 53. Ke4 Kg7 54. Ra6 f6 55. Kd5 h5 56. g4 hxg4 57. hxg4 Kh6 58. Ke6 Kg7
59. Ra7+ Kh6 60. Rf7 Bh4 61. Rxf6+ Bxf6 62. Kxf6 Kh7 63. Ke7 Kg8 64. f6 Kh7 65.
f7 Kg6 66. f8=Q Kh7 67. Qf4 Kg6 68. Qf6+ Kh7 69. Qg5 1-0

[Event "BPB Limburg-open C"]
[Site "Maastricht"]
[Date "2015.05.24"]
[Round "5"]
[White "Raats, Joppe"]
[Black "Loutragotis, Dimitrios"]
[Result "1/2-1/2"]
[WhiteElo "1495"]
[BlackElo "1659"]
[PlyCount "120"]
[EventDate "2015.05.22"]
[EventType "swiss"]
[EventRounds "7"]
[EventCountry "NED"]
[Source "P.Boonen"]
[SourceDate "2015.01.01"]

1. e4 e6 2. d4 d5 3. exd5 exd5 4. Nf3 Nf6 5. Bf4 Bf5 6. Bd3 Bxd3 7. Qxd3 c6 8.
O-O Be7 9. Re1 O-O 10. Nbd2 Nbd7 11. c3 Re8 12. Re2 Nh5 13. Bg3 Nxg3 14. hxg3
Bf6 15. Rae1 Rxe2 16. Rxe2 Qb6 17. Nb3 g6 18. Kf1 a5 19. Qd1 Qb5 20. Ke1 a4 21.
Nc1 b6 22. Qd3 Qa5 23. Kf1 Rd8 24. b4 axb3 25. axb3 Qa1 26. Re1 c5 27. Qc2 Qa5
28. dxc5 Bxc3 29. Rd1 Nxc5 30. Na2 Bf6 31. Kg1 Ne4 32. Nd2 Qc5 33. Qxc5 Nxc5
34. Nf3 Nxb3 35. Rb1 Nd4 36. Rxb6 Nxf3+ 37. gxf3 Kg7 38. Kf1 Rc8 39. Nb4 d4 40.
Ke2 Rc5 41. Kd3 Rc3+ 42. Ke2 Rb3 43. Nd5 d3+ 44. Kd2 Rxb6 45. Nxb6 Bd4 46. Nd5
Bxf2 47. g4 Kh6 48. f4 Bc5 49. Kxd3 Kg7 50. Ke4 Bd6 51. g5 h5 52. f5 Kf8 53.
fxg6 fxg6 54. Ne3 Be7 55. Nc4 h4 56. Ne5 h3 57. Kf3 h2 58. Kg2 Kg7 59. Nxg6
h1=Q+ 60. Kxh1 Bxg5 1/2-1/2

[Event "BPB Limburg-open C"]
[Site "Maastricht"]
[Date "2015.05.24"]
[Round "5"]
[White "Reusink, Hans"]
[Black "Slangen-Knuit, Dien"]
[Result "1-0"]
[WhiteElo "1535"]
[BlackElo "1033"]
[PlyCount "55"]
[EventDate "2015.05.22"]
[EventType "swiss"]
[EventRounds "7"]
[EventCountry "NED"]
[Source "P.Boonen"]
[SourceDate "2015.01.01"]

1. e4 e5 2. Nc3 Nf6 3. g3 Be7 4. Bg2 d6 5. Nge2 O-O 6. d3 Nbd7 7. O-O b6 8. f4
Bb7 9. f5 Rc8 10. Bh3 a5 11. g4 h6 12. Ng3 c6 13. Bg2 d5 14. Qf3 Bb4 15. h4
dxe4 16. Ncxe4 c5 17. a3 Bc6 18. axb4 cxb4 19. g5 Nxe4 20. dxe4 hxg5 21. Bxg5
f6 22. Be3 Bb5 23. Rf2 Bc6 24. Rd1 Qe8 25. Qg4 Qf7 26. Bf1 Nc5 27. b3 Bd7 28.
Bc4 1-0

[Event "BPB Limburg-open C"]
[Site "Maastricht"]
[Date "2015.05.24"]
[Round "5"]
[White "Rogge, Parcival"]
[Black "Lennartz, Tim"]
[Result "1-0"]
[WhiteElo "1185"]
[BlackElo "1533"]
[PlyCount "57"]
[EventDate "2015.05.22"]
[EventType "swiss"]
[EventRounds "7"]
[EventCountry "NED"]
[Source "P.Boonen"]
[SourceDate "2015.01.01"]

1. d4 Nf6 2. Nf3 g6 3. Bg5 Bg7 4. e3 h6 5. Bh4 d6 6. Bd3 O-O 7. c3 Nc6 8. Qc2
e5 9. Nbd2 Be6 10. O-O Qd7 11. Bg3 Nh5 12. Rfe1 f5 13. Be2 e4 14. Nh4 g5 15.
Bxh5 gxh4 16. Bxh4 Ne7 17. Bg3 Kh7 18. f3 exf3 19. Bxf3 c6 20. Nb3 Bd5 21. Be2
Be4 22. Bd3 d5 23. Nc5 Qe8 24. Nxb7 Bxd3 25. Qxd3 Rb8 26. Bxb8 Qxb8 27. Nc5
Qxb2 28. a4 Qb6 29. Nd7 1-0

[Event "BPB Limburg-open C"]
[Site "Maastricht"]
[Date "2015.05.24"]
[Round "5"]
[White "Schroeder, Oliver"]
[Black "Lammes, Pim"]
[Result "1/2-1/2"]
[WhiteElo "1623"]
[BlackElo "1631"]
[PlyCount "96"]
[EventDate "2015.05.22"]
[EventType "swiss"]
[EventRounds "7"]
[EventCountry "NED"]
[Source "P.Boonen"]
[SourceDate "2015.01.01"]

1. e4 e5 2. Nf3 Nc6 3. Bb5 d6 4. O-O Bd7 5. c3 a6 6. Ba4 b5 7. Bb3 Nf6 8. Re1
Bg4 9. d3 Be7 10. Bg5 h6 11. Bxf6 Bxf6 12. Nbd2 Na5 13. Bc2 O-O 14. h3 Bxf3 15.
Qxf3 c5 16. b3 Nc6 17. a4 Qd7 18. Bd1 Bg5 19. Nf1 b4 20. cxb4 Nxb4 21. Qe2 Nc6
22. Ne3 Bxe3 23. Qxe3 Rab8 24. Rb1 Rb4 25. Re2 Nd4 26. Reb2 Rfb8 27. Qc1 Qe6
28. Qc3 g6 29. Qd2 Kh7 30. Qc3 f5 31. exf5 gxf5 32. Kf1 f4 33. f3 Qg8 34. Kg1
R8b7 35. Kf1 Nf5 36. Qe1 Ne3+ 37. Kg1 Rg7 38. g4 Rgb7 39. Qd2 Nxd1 40. Qxd1 Qd5
41. Kf2 Qd4+ 42. Kg2 Rxa4 43. Qc2 Rab4 44. Ra2 R7b6 45. h4 Kg7 46. h5 Kf6 47.
Qd1 Ke7 48. Qc2 Kf6 1/2-1/2

[Event "BPB Limburg-open C"]
[Site "Maastricht"]
[Date "2015.05.24"]
[Round "5"]
[White "Schulte, Philipp"]
[Black "Laureys, Jo"]
[Result "1-0"]
[WhiteElo "1442"]
[BlackElo "1283"]
[PlyCount "65"]
[EventDate "2015.05.22"]
[EventType "swiss"]
[EventRounds "7"]
[EventCountry "NED"]
[Source "P.Boonen"]
[SourceDate "2015.01.01"]

1. d4 d5 2. c4 e6 3. Nf3 c5 4. g3 Nf6 5. Bg2 b6 6. cxd5 exd5 7. O-O Bb7 8. Bg5
Nbd7 9. Ne5 Be7 10. Nc3 Nxe5 11. dxe5 Ne4 12. Bxe7 Nxc3 13. bxc3 Kxe7 14. Qd2
h6 15. Rfd1 Re8 16. c4 Kf8 17. f4 Qd7 18. cxd5 Bxd5 19. Qxd5 Qg4 20. Qe4 Rab8
21. Rd2 f6 22. Rad1 fxe5 23. Rd7 exf4 24. Qh7 Re7 25. Qh8+ Kf7 26. Rxe7+ Kxe7
27. Qxb8 Qxe2 28. Qd6+ Ke8 29. Qg6+ Ke7 30. Qxg7+ Ke6 31. Qd7+ Kf6 32. Rd6+ Kg5
33. h4+ 1-0

[Event "BPB Limburg-open C"]
[Site "Maastricht"]
[Date "2015.05.24"]
[Round "5"]
[White "Sleurs, Juliette"]
[Black "Mitran, Marie"]
[Result "1/2-1/2"]
[WhiteElo "1446"]
[BlackElo "1546"]
[PlyCount "37"]
[EventDate "2015.05.22"]
[EventType "swiss"]
[EventRounds "7"]
[EventCountry "NED"]
[Source "P.Boonen"]
[SourceDate "2015.01.01"]

1. e4 e5 2. Nf3 Nc6 3. Bc4 Bc5 4. Nc3 Nf6 5. d3 d6 6. Bg5 h6 7. Bxf6 Qxf6 8.
Nd5 Qd8 9. Qd2 Be6 10. O-O-O Bxd5 11. Bxd5 Qd7 12. c3 O-O-O 13. d4 exd4 14.
cxd4 Bb6 15. Kb1 Rhf8 16. Ka1 Ne7 17. Bb3 Ng6 18. h3 Kb8 19. Rhe1 1/2-1/2

[Event "BPB Limburg-open C"]
[Site "Maastricht"]
[Date "2015.05.24"]
[Round "5"]
[White "Spanjersberg, Hans"]
[Black "Baselmans, Daan"]
[Result "1-0"]
[WhiteElo "1664"]
[BlackElo "900"]
[PlyCount "129"]
[EventDate "2015.05.22"]
[EventType "swiss"]
[EventRounds "7"]
[EventCountry "NED"]
[Source "P.Boonen"]
[SourceDate "2015.01.01"]

1. f4 d5 2. Nf3 Nf6 3. e3 Bf5 4. b3 g6 5. Bb2 Bg7 6. Be2 O-O 7. O-O Nc6 8. Ne5
Nb4 9. Na3 Nd7 10. g4 Be6 11. d4 Nxe5 12. fxe5 Qd7 13. c3 Nc6 14. Rf2 f5 15.
exf6 exf6 16. Rg2 f5 17. g5 f4 18. exf4 Rxf4 19. Bc1 Rf5 20. Bg4 Rf7 21. Bxe6
Qxe6 22. Qe2 Re8 23. Qxe6 Rxe6 24. Bb2 Ne7 25. Nc2 Nf5 26. Rd1 Nh4 27. Rf2 Nf3+
28. Kg2 Nxg5 29. Rxf7 Nxf7 30. Re1 Rxe1 31. Nxe1 h5 32. Bc1 Bh6 33. Bxh6 Nxh6
34. Nd3 Nf5 35. Kf3 g5 36. Nc5 b6 37. Ne6 g4+ 38. Kf4 Nh4 39. Nxc7 Nf3 40. Nxd5
Nxh2 41. Nf6+ Kf7 42. Nxh5 Ke6 43. c4 Kd6 44. Nf6 g3 45. Kxg3 Nf1+ 46. Kf4 Nd2
47. Ne4+ Nxe4 48. Kxe4 a6 49. b4 b5 50. c5+ Kc6 51. d5+ Kd7 52. Ke5 Kc7 53. Ke6
Kd8 54. d6 Ke8 55. c6 Kd8 56. Kf7 a5 57. a3 axb4 58. axb4 Kc8 59. Ke7 Kb8 60.
Kd8 Ka7 61. c7 Kb6 62. c8=Q Ka7 63. Qc6 Kb8 64. Ke7 Ka7 65. d7 1-0

[Event "BPB Limburg-open C"]
[Site "Maastricht"]
[Date "2015.05.24"]
[Round "5"]
[White "Steinhart, Roel"]
[Black "Kutchoukov, Thomas"]
[Result "1/2-1/2"]
[WhiteElo "1564"]
[BlackElo "900"]
[PlyCount "34"]
[EventDate "2015.05.22"]
[EventType "swiss"]
[EventRounds "7"]
[EventCountry "NED"]
[Source "P.Boonen"]
[SourceDate "2015.01.01"]

1. e4 c6 2. Qf3 d5 3. exd5 cxd5 4. Bb5+ Nc6 5. c3 e5 6. d3 Be6 7. Qg3 Nf6 8.
Bg5 Be7 9. Nd2 Nh5 10. Qf3 Bxg5 11. Qxh5 Bxd2+ 12. Kxd2 O-O 13. Nf3 g6 14. Qh6
e4 15. Ng5 Re8 16. Qxh7+ Kf8 17. Qh6+ Ke7 1/2-1/2

[Event "BPB Limburg-open C"]
[Site "Maastricht"]
[Date "2015.05.24"]
[Round "5"]
[White "Ulburghs, Piet"]
[Black "Haarsma, Rob"]
[Result "1-0"]
[WhiteElo "1667"]
[BlackElo "1421"]
[PlyCount "161"]
[EventDate "2015.05.22"]
[EventType "swiss"]
[EventRounds "7"]
[EventCountry "NED"]
[Source "P.Boonen"]
[SourceDate "2015.01.01"]

1. b3 e5 2. e3 d5 3. Bb2 Nc6 4. Bb5 Bd6 5. Nf3 Bd7 6. Bxc6 Qf6 7. Bxd5 c6 8.
Be4 Bf5 9. Bxf5 Qxf5 10. O-O Nf6 11. d3 O-O-O 12. Nbd2 e4 13. Nh4 Qa5 14. Bxf6
gxf6 15. g3 Rhg8 16. Ng2 exd3 17. Ne4 Qd5 18. Qxd3 Be5 19. Qxd5 Rxd5 20. Rad1
Rgd8 21. Rxd5 Rxd5 22. c3 h6 23. f4 f5 24. fxe5 fxe4 25. Rxf7 Rxe5 26. Nf4 a5
27. Kf2 b5 28. Rf6 Kd7 29. Rxh6 a4 30. Rh5 axb3 31. axb3 Re8 32. Ne2 Rf8+ 33.
Ke1 Rf3 34. Kd2 Rf2 35. Rh4 Kd6 36. Rxe4 Rxh2 37. Kd3 c5 38. Rh4 Rg2 39. e4 c4+
40. bxc4 bxc4+ 41. Ke3 Ke5 42. Rh5+ Kf6 43. Rc5 Rh2 44. Rxc4 Kg5 45. e5 Kf5 46.
e6 Kxe6 47. Rb4 Kd5 48. Kd3 Kc5 49. Rh4 Rf2 50. Rh5+ Kd6 51. Ke3 Rf1 52. c4 Ra1
53. c5+ Kc6 54. Nc3 Rg1 55. Kf2 Rc1 56. Ne4 Rc2+ 57. Kf3 Rc1 58. Kf4 Rc4 59.
Ke5 Rc1 60. Rh6+ Kd7 61. g4 Re1 62. g5 Ke7 63. Kd5 Rd1+ 64. Kc6 Rd4 65. Nd6 Ra4
66. Kc7 Ra7+ 67. Nb7 Ra8 68. c6 Rg8 69. Rh5 Rg6 70. Nd8 Rg8 71. Rh7+ Ke8 72.
Nf7 Rg6 73. Kb7 Re6 74. c7 Ke7 75. Nd8+ Ke8 76. Rh8+ Ke7 77. Nxe6 Kf7 78. Rh6
Ke7 79. c8=Q Kd6 80. Qc5+ Kd7 81. Qc7+ 1-0

[Event "BPB Limburg-open C"]
[Site "Maastricht"]
[Date "2015.05.24"]
[Round "5"]
[White "Van Foreest, Machteld"]
[Black "Daemen, Jules"]
[Result "0-1"]
[WhiteElo "1420"]
[BlackElo "1688"]
[PlyCount "86"]
[EventDate "2015.05.22"]
[EventType "swiss"]
[EventRounds "7"]
[EventCountry "NED"]
[Source "P.Boonen"]
[SourceDate "2015.01.01"]

1. e4 e6 2. d4 b6 3. Nc3 Bb7 4. Nf3 d6 5. Be3 Nd7 6. h3 Ngf6 7. Bd3 c5 8. O-O
Be7 9. Re1 cxd4 10. Nxd4 O-O 11. f4 Nc5 12. Qf3 d5 13. exd5 Nxd3 14. cxd3 Nxd5
15. Nxd5 Qxd5 16. Qg4 Rfd8 17. f5 Bf6 18. Nf3 Qxf5 19. Qxf5 exf5 20. d4 Bxf3
21. gxf3 Bxd4 22. Bxd4 Rxd4 23. Re7 Rd2 24. Rae1 g6 25. R1e2 Rad8 26. Rxd2 Rxd2
27. Rxa7 Rxb2 28. Rb7 Rxa2 29. Rxb6 Kg7 30. Rb4 g5 31. Rb1 Kg6 32. Rf1 Kh5 33.
Rf2 Rxf2 34. Kxf2 Kh4 35. Kg2 g4 36. hxg4 fxg4 37. fxg4 Kxg4 38. Kf2 h5 39. Kg2
h4 40. Kh2 f5 41. Kg2 f4 42. Kh2 Kf3 43. Kg1 Ke2 0-1

[Event "BPB Limburg-open C"]
[Site "Maastricht"]
[Date "2015.05.24"]
[Round "5"]
[White "Van Kanten, Brian"]
[Black "Weerts, Rene"]
[Result "1-0"]
[WhiteElo "1564"]
[BlackElo "1603"]
[PlyCount "101"]
[EventDate "2015.05.22"]
[EventType "swiss"]
[EventRounds "7"]
[EventCountry "NED"]
[Source "P.Boonen"]
[SourceDate "2015.01.01"]

1. e4 g6 2. d4 Bg7 3. Nc3 c5 4. Be3 cxd4 5. Bxd4 e5 6. Be3 Ne7 7. Qd2 h5 8. Bc4
Nbc6 9. Nb5 O-O 10. a3 a6 11. Nd6 Qc7 12. Nxc8 Raxc8 13. Ba2 Nd4 14. c3 Ne6 15.
Nf3 Nf4 16. O-O Qc6 17. Qc2 d5 18. exd5 Nexd5 19. Bxf4 Nxf4 20. Rfe1 Nh3+ 21.
Kh1 Rce8 22. Rad1 e4 23. Nd4 Bxd4 24. Rxd4 Qf6 25. gxh3 Qf3+ 26. Kg1 Re5 27.
Re3 Rg5+ 28. Kf1 Qg2+ 29. Ke2 Qxh2 30. Qxe4 Rf5 31. Qh4 Re5 32. Rxe5 Qxe5+ 33.
Kf3 Re8 34. Qf4 Qe2+ 35. Kg2 Kg7 36. Qxf7+ Kh6 37. Qf4+ Kg7 38. Rd7+ Re7 39.
Qd4+ Kh7 40. Rxe7+ Qxe7 41. Qd5 Kh6 42. Bc4 Kg7 43. b4 b5 44. Bd3 Kh7 45. Be4
Qf6 46. Qd2 Qe7 47. Qe3 Qd8 48. f4 Qf6 49. Bd5 Qf5 50. Qe7+ Kh8 51. Qe5+ 1-0

[Event "BPB Limburg-open C"]
[Site "Maastricht"]
[Date "2015.05.24"]
[Round "5"]
[White "Van Stiphout, Sophie"]
[Black "Wiedenbruch, Paul"]
[Result "1-0"]
[WhiteElo "1390"]
[BlackElo "1045"]
[PlyCount "31"]
[EventDate "2015.05.22"]
[EventType "swiss"]
[EventRounds "7"]
[EventCountry "NED"]
[Source "P.Boonen"]
[SourceDate "2015.01.01"]

1. e4 e5 2. Nf3 Nf6 3. d3 d5 4. exd5 Bg4 5. Be2 Nbd7 6. O-O Nxd5 7. Nxe5 Nxe5
8. Bxg4 Nxg4 9. Qxg4 Nf6 10. Re1+ Be7 11. Qxg7 Rg8 12. Qxf6 Kf8 13. Bh6+ Ke8
14. Bg5 Kf8 15. Rxe7 Rxg5 16. Qxf7# 1-0

[Event "BPB Limburg-open C"]
[Site "Maastricht"]
[Date "2015.05.24"]
[Round "5"]
[White "Van Wijnendaele, Jovanni"]
[Black "De Cocq, Ramin"]
[Result "1-0"]
[WhiteElo "1593"]
[BlackElo "1101"]
[PlyCount "115"]
[EventDate "2015.05.22"]
[EventType "swiss"]
[EventRounds "7"]
[EventCountry "NED"]
[Source "P.Boonen"]
[SourceDate "2015.01.01"]

1. d4 Nf6 2. Nc3 d5 3. Bg5 Bf5 4. Bxf6 exf6 5. e3 Nc6 6. a3 a6 7. Bd3 Bg6 8.
Bxg6 fxg6 9. Qf3 Ne7 10. Nge2 c6 11. O-O g5 12. e4 dxe4 13. Qxe4 g6 14. Rad1
Bg7 15. d5 f5 16. Qe3 O-O 17. dxc6 Qe8 18. cxb7 Rb8 19. Qe6+ Kh8 20. Rd7 Ng8
21. Qxe8 Rfxe8 22. Rfd1 Nf6 23. Rc7 h6 24. Rd6 Ng4 25. Rd1 Be5 26. Rcd7 Bxh2+
27. Kf1 Be5 28. g3 Nf6 29. R7d3 Rxb7 30. b3 Rbe7 31. Nd5 Nxd5 32. Rxd5 Bb2 33.
Ng1 Bxa3 34. Ra5 Bb2 35. Rxa6 Kg7 36. Rdd6 Rh8 37. Rxg6+ Kf7 38. Rxh6 Rc8 39.
Rh7+ Ke8 40. Rxe7+ Kxe7 41. Nf3 Bf6 42. Ne1 f4 43. gxf4 gxf4 44. Ke2 Be5 45.
Kd3 Kd7 46. c4 Kc7 47. Nf3 Bd6 48. Nd4 Be5 49. Nb5+ Kd8 50. Ra7 Ke8 51. Ke4 Bb8
52. Rh7 Kd8 53. Rh8+ Kd7 54. Rxc8 Kxc8 55. Kd5 Kd7 56. Nd4 Ba7 57. f3 Bb8 58.
b4 1-0

[Event "BPB Limburg-open C"]
[Site "Maastricht"]
[Date "2015.05.24"]
[Round "5"]
[White "Van der Hoeven, Carsten"]
[Black "Hillenkamp, Melchior"]
[Result "1-0"]
[WhiteElo "1366"]
[BlackElo "1603"]
[PlyCount "91"]
[EventDate "2015.05.22"]
[EventType "swiss"]
[EventRounds "7"]
[EventCountry "NED"]
[Source "P.Boonen"]
[SourceDate "2015.01.01"]

1. e4 e6 2. d4 d5 3. exd5 exd5 4. Nc3 Nc6 5. Nf3 Bb4 6. Bd2 Nf6 7. a3 Bxc3 8.
Bxc3 Ne4 9. Bb5 Nxc3 10. Bxc6+ bxc6 11. bxc3 Ba6 12. Kd2 O-O 13. Re1 Qd6 14. h4
Qh6+ 15. Re3 Rfe8 16. Qg1 Rab8 17. Rb1 Rb6 18. g4 Qf4 19. Qg3 Qxe3+ 20. fxe3
Rxb1 21. Qxc7 Bb5 22. Qxa7 f6 23. g5 fxg5 24. Qd7 Rf8 25. Qe6+ Kh8 26. Qe7 Kg8
27. c4 Rxf3 28. cxb5 cxb5 29. Qd8+ Rf8 30. Qxd5+ Kh8 31. hxg5 Ra1 32. Qxb5 Rxa3
33. Qc5 Raa8 34. Kd3 Rfc8 35. Qd5 Ra3+ 36. Kd2 Rac3 37. Qf5 Rxc2+ 38. Qxc2
Rxc2+ 39. Kxc2 Kg8 40. Kd3 Kf7 41. Ke4 Ke6 42. Kf4 Kd5 43. Kf5 g6+ 44. Kf6 Ke4
45. Kg7 Kf5 46. Kh6 1-0

[Event "BPB Limburg-open C"]
[Site "Maastricht"]
[Date "2015.05.24"]
[Round "5"]
[White "Vanden Bossche, Nicolas"]
[Black "Bijvank, Kylian"]
[Result "0-1"]
[WhiteElo "1681"]
[BlackElo "1371"]
[PlyCount "112"]
[EventDate "2015.05.22"]
[EventType "swiss"]
[EventRounds "7"]
[EventCountry "NED"]
[Source "P.Boonen"]
[SourceDate "2015.01.01"]

1. d4 Nf6 2. c4 g6 3. Nc3 Bg7 4. e4 d6 5. Nf3 O-O 6. Be2 Nbd7 7. O-O e5 8. d5
Ne8 9. b4 f5 10. Ng5 Ndf6 11. Qc2 f4 12. Nf3 Ng4 13. c5 g5 14. Ba3 h5 15. Nd2
Ngf6 16. Rfe1 g4 17. g3 Nh7 18. Nb5 a6 19. Nc3 h4 20. Nf1 Ng5 21. Kh1 fxg3 22.
fxg3 Rf2 23. Nd1 Rf8 24. Nd2 hxg3 25. hxg3 Rf6 26. Kg2 Rh6 27. Ne3 Nf6 28. Rh1
Nh3 29. Raf1 Rg6 30. Nf5 Bh6 31. Bc1 Qf8 32. Qd3 Bxf5 33. Rxf5 Qe7 34. Bxg4
Nxg4 35. Rxh3 Ne3+ 36. Kh2 Nxf5 37. exf5 Rf6 38. Rxh6 Rxh6+ 39. Kg2 Qh7 40. Nf3
Rh1 41. Bb2 Qh3+ 42. Kf2 Re8 43. f6 Qh7 44. Qxh7+ Kxh7 45. Kg2 Rb1 46. Bc3 Rc1
47. Ng5+ Kg6 48. Ne4 Rc2+ 49. Kf3 Rf8 50. Kg4 Rxf6 51. Nxf6 Kxf6 52. Be1 Rxa2
53. cxd6 cxd6 54. Bc3 Ra3 55. Bd2 Rd3 56. Bg5+ Kg6 0-1

[Event "BPB Limburg-open C"]
[Site "Maastricht"]
[Date "2015.05.24"]
[Round "5"]
[White "Vos, Wolfgang"]
[Black "Ten Have, Dimitri"]
[Result "1-0"]
[WhiteElo "1578"]
[BlackElo "1142"]
[PlyCount "63"]
[EventDate "2015.05.22"]
[EventType "swiss"]
[EventRounds "7"]
[EventCountry "NED"]
[Source "P.Boonen"]
[SourceDate "2015.01.01"]

1. d4 d5 2. Nf3 Nf6 3. e3 Bf5 4. c3 e6 5. Bd3 Bxd3 6. Qxd3 c5 7. Nbd2 Nbd7 8.
O-O Bd6 9. e4 e5 10. dxe5 Nxe5 11. Nxe5 Bxe5 12. f4 c4 13. Qg3 Qb6+ 14. Kh1 Bc7
15. e5 Nh5 16. Qf3 Qh6 17. g4 Nxf4 18. Qxf4 Qxf4 19. Rxf4 Bxe5 20. Rf1 f6 21.
Nf3 O-O-O 22. Be3 Bc7 23. Rad1 g5 24. Bd4 Rdf8 25. Bc5 Rf7 26. Nxg5 Rg7 27. Ne6
Rxg4 28. Nxc7 Kxc7 29. Rxf6 Rd8 30. Re1 Rd7 31. Bxa7 b6 32. Bxb6+ 1-0

[Event "BPB Limburg-open C"]
[Site "Maastricht"]
[Date "2015.05.24"]
[Round "5"]
[White "Weidema, Luuk"]
[Black "De Schepper, Marcel"]
[Result "1/2-1/2"]
[WhiteElo "1189"]
[BlackElo "1660"]
[PlyCount "37"]
[EventDate "2015.05.22"]
[EventType "swiss"]
[EventRounds "7"]
[EventCountry "NED"]
[Source "P.Boonen"]
[SourceDate "2015.01.01"]

1. f4 d5 2. b3 Nf6 3. Nf3 e6 4. Bb2 c5 5. e3 a6 6. Bd3 Nc6 7. a3 Bd6 8. O-O O-O
9. Qe1 h6 10. Qh4 Be7 11. Qg3 Ne8 12. Ra2 Bf6 13. Bxf6 Nxf6 14. Nh4 b5 15. c3
Ne7 16. Nf3 Bb7 17. Ne5 d4 18. Be2 Qb6 19. c4 1/2-1/2